| 000 | 00434nam a2200181Ia 4500 | ||
|---|---|---|---|
| 008 | 170918s9999 xx 000 0 und d | ||
| 020 | _a9780545708104 | ||
| 050 | _bS381 2015 | ||
| 100 | _aSchroeder, Lisa | ||
| 245 | _aMy secret guide to Paris / | ||
| 245 | _cby Lisa Schroeder. | ||
| 260 | _aNew York : | ||
| 260 | _bScholastic, | ||
| 260 | _c2015 | ||
| 300 | _a216 pages : | ||
| 300 | _billustrations ; | ||
| 300 | _c19cm. | ||
| 999 |
_c344354 _d344354 |
||